Entrepreneurship for the eighties /

Bibliographic Details
Main Author: Baty, Gordon B., 1938-
Format: Book
Language:English
Published: Reston, Va. : Reston Pub. Co., [1981]
Subjects:

MARC

Tag First Indicator Second Indicator Subfields
LEADER 00000pam a2200000 a 4500
001 in00000088738
005 20151008065230.0
008 810323s1981 vau b 00110 eng
010 |a  81002864  
020 |a 0835917452 
020 |a 0835917444 (pbk.) 
035 |a (OCoLC)07329402 
035 |9 AAK5586AM 
039 0 |a 2  |b 3  |c 3  |d 3  |e 3 
040 |a DLC  |c DLC  |d TXA  |d UtOrBLW 
049 |a TXAM  |c [1561256] 
050 0 0 |a HD62.5  |b .B38 1981 
082 0 |a 658.4/2  |2 19 
100 1 |a Baty, Gordon B.,  |d 1938- 
245 1 0 |a Entrepreneurship for the eighties /  |c Gordon B. Baty. 
264 1 |a Reston, Va. :  |b Reston Pub. Co.,  |c [1981] 
264 4 |c ©1981 
300 |a xvi, 238 pages ;  |c 25 cm. 
336 |a text  |b txt  |2 rdacontent 
337 |a unmediated  |b n  |2 rdamedia 
338 |a volume  |b nc  |2 rdacarrier 
500 |a Previous edition published in 1974 as: Entrepreneurship. 
504 |a Includes bibliographical references and index. 
650 0 |a New business enterprises  |x Management. 
650 0 |a Entrepreneurship. 
999 |a MARS 
999 f f |s de144dcd-3298-3225-b773-56a54c968584  |i 9075d6be-a76c-3eda-960f-228144e194ef  |t 0 
952 f f |p ric  |a Texas A&M University  |b Rellis Campus  |c Joint Library Facility  |d Remote Storage  |t 0  |e HD62.5 .B38 1981  |h Library of Congress classification  |i unmediated -- volume  |m A14806124590 
998 f f |a HD62.5 .B38 1981  |t 0  |l Remote Storage